00273nam a2200121Ia 45000030006000000080041000060400015000471000018000622450022000802600020001025460012001220050017001340STCL150530s9999 xx 000 0 und d aSTCLcSTCL aThomas Hughes aDavid Livingstone bMacmillanc1908 aEnglish20220125171413.0